000 01006nam a2200205Ii 4500
003 JO-AjNU
008 230605s9999||||xx |||||||||||||| ||und||
040 _aJO-AjNU
_bara
_erda
_cJO-AjNU
041 _aara
050 1 4 _aB753.I276 1987
100 3 _aالتكريتي، ناجي,
_eauthor
_915814
245 0 0 _aالفلسفة السياسية عند ابن أبي الربيع مع تحقيق كتابه سلوك المالك في تدبير الممالك
250 _aط3/منقحة ومزيدة
264 3 1 _aبغداد: دار الشؤون الثقافية العامة، 1987
300 _a248ص
_bالملاحق ص 223-236 ؛ المصادر والمراجع ص237-240 ؛ الفهارس العامة ص 241-246
336 _atext
_btxt
_2rdacontent
337 _aunmediated
_bn
_2rdamedia
338 _avolume
_bnc
_2rdacarrier
650 4 _aالنظام السياسي في الاسلام- ابن ابي الربيع218-272هـ- اراء حول النظام السياسي في الاسلام
_915815
999 _aA4553
_c8121
_d8121